00733nam a2200145Ia 4500008004100000020001800041100007000059245011900129260002700248650014300275650001400418856004200432999001900474952009400493171212s9999 xx 000 0 und d a9780833043214 aSeong, Somi;Popper, Steven W.;Goldman, Charles A.;Evans, David K. cSeong, Somi;Popper, Steven W.;Goldman, Charles A.;Evans, David K.aBrain Korea 21 Phase IIbA New Evaluation Model bRAND Corporationc2008 aBrain Korea 21 (Project) -- Evaluation; Education, Higher -- Korea (South) -- Finance; Government aid to higher education -- Korea (South) aEducation uwww.jstor.org/stable/10.7249/mg711krf c351803d351803 001040aCLbCLd2017-12-12l0oLB2342.4.K6B73 2008r2017-12-12 00:00:00w2017-12-12yCBE